| 000 | 00754nam a2200253Ia 4500 | ||
|---|---|---|---|
| 005 | 20250425162612.0 | ||
| 008 | 250425s9999 xx 000 0 und d | ||
| 020 | _a9789942116338 | ||
| 041 | _aspa | ||
| 082 | _a636.084 | ||
| 100 | _aSANCHEZ LAIÑO, ADOLFO | ||
| 245 | 0 | _aMETODOS DE CONSERVACION DE RESIDUOS DE COSECHA PARA LA ALIMENTACION DE RUMIANTES EN EL LITORAL ECUATORIANO | |
| 250 | _a1A ED. | ||
| 260 |
_aEcuador _bUNIVERSIDAD TECNICA ESTATAL DE QUEVEDO: SENESCYT: UICYT _c2012 |
||
| 260 | _aQUEVEDO | ||
| 300 | _a93 | ||
| 650 | _aALIMENTOS PARA ANIMALES | ||
| 650 | _aRUMIANTES | ||
| 650 | _aSUBPRODUCTOS AGRICOLAS | ||
| 700 | _aESTUPIÑAN VELIZ, KLEBER | ||
| 700 | _aTORRES NAVARRETE, EMMA | ||
| 942 | _c01 | ||
| 010 | _a89517 | ||
| 999 |
_c232602 _d232602 |
||